Géographie française - Difficulté croissante - Statistiques

Statistiques générales
  • Ce quiz a été pris 310 fois
  • Le résultat moyen est 21 sur 50
Statistiques - réponses
Question Réponse % Correct
Quelle est la capitale de la France ? Paris
100%
Quel grande île est situé en Méditerranée ? Corse
98%
Quel lac est frontalier entre la France et la Suisse ? Léman
90%
Quelle est la deuxième ville la plus peuplée ? Marseille
90%
Quel est le point culminant de la France ? Mont Blanc
90%
Quel département est la plus au nord ? Nord
89%
Quel chaine de montagnes sépare l'Espagne et la France ? Pyrénées
88%
Quelle est la préfecture de l'Hérault ? Montpellier
83%
Quel est le plus long fleuve coulant en France ? Rhin
79%
Quelle est le chef-lieu de l'Occitanie ? Toulouse
78%
Quelle ville est située à la confluence du Rhône et de la Saône ? Lyon
76%
Quelle préfecture est frontalière de l'Allemagne ? Strasbourg
76%
Quel est la préfecture du Finistère ? Quimper
73%
Quel fleuve traverse Rouen ? Seine
72%
Dans quel département se situe Versailles ? Yvelines
70%
Quelle péninsule est situé à l'ouest de la France ? Bretagne
61%
Quelle grande ville, hors Bretagne administrative, fait partie de la Bretagne historique ? Nantes
60%
Quel est le chef-lieu de la région la plus vaste ? Bordeaux
59%
Quelle région est la plus vaste ? Nouvelle-Aquitaine
59%
Quelle grande ville est situé à l'embouchure de la Seine ? Le Havre
57%
Quelle est la plus grand ville à posséder un beffroi ? Lille
54%
Quelle est la plus grande des îles charentaises ? Oléron
51%
Quel ville de l'Aude possède une cité médiévale fortifiée classée à l'UNESCO ? Carcassonne
50%
Quel département borde le Cher à l'est ? Nièvre
43%
Dans quel département est situé la région historique du Béarn ? Pyrénées-Atlantiques
41%
Quelle région naturelle est formée par le delta du Rhône ? Camargue
36%
Dans quel département la Loire prend-elle sa source ? Ardèche
34%
Quel département porte le nom d'une montagne ? Puy-de-Dôme
28%
Quelle est la plus longue rivière de France ? Marne
20%
Quelle ancienne région française (avant 2016) est traversée par l'Ill ? Alsace
19%
Quelle sous-préfecture est la plus peuplée ? Reims
19%
Quel département métropolitain (hors Paris) n'a pas de sous-préfecture ? Territoire de Belfort
19%
De quel massif montagneux le Grand Ballon est-il le point culminant ? Vosges
19%
Quelle ville côtière est connue pour sa Tour de la Chaîne ? La Rochelle
18%
Quel fleuve prend sa source dans l'Aisne et se jette dans la Mer du Nord près d'Anvers (Belgique) ? Escaut
16%
Quelle est la plus grande ville sur la Vienne (rivière) ? Limoges
16%
Quelle est la sous-préfecture du Cantal la moins peuplée ? Mauriac
13%
Quelle est la première préfecture par ordre alphabétique ? Agen
12%
Quelle commune de la Somme ne comporte qu'une lettre dans son nom ? Y
10%
Dans quel département se situe cette préfecture ? Haute-Saône
9%
Quelle est la dernière préfecture par ordre alphabétique ? Vesoul
9%
Quelle ville d'Auvergne-Rhône-Alpes possède la particularité d'être la plus grande ville de son département, sans être préfecture ou sous-préfecture ? Annonay
8%
Quel parc régional de Bourgogne est à cheval sur 4 département ? PNR du Morvan
8%
Quelle est la sous-préfecture des Deux-Sèvres la plus au sud ? Parthenay
7%
Quelle ville de plus de 300 000 habitants n'a pas été citée dans les réponses précédentes ? Nice
6%
Dans quel département se situe le plus court fleuve de France ? Seine-Maritime
6%
Quel est la plus long fleuve non cité dans les réponses précédentes ? Rhône
5%
Quelle commune est la plus orientale de France continental ? Lauterbourg
4%
Quel parc national est le plus grand de France métropolitaine ? Parc National des Cévennes
3%
Quel est la plus grand lac artificiel de France ? Lac du Der-Chantecoq
2%
Aucun quiz correspondant
Distribution des résultats
% des personnes avec chaque résultat
Percentile par nombre de réponses
Votre historique - résultats
Vous n’avez pas pris ce quiz